Культурна спадщина та історія Правобережної України у наукових студіях Ореста Левицького (Запис № 460729)

МАРК-запис
000 -Лідер
fixed length control field 03305nam a22002657a 4500
001 - Контрольний номер
control field 216218809
003 - Ідентифікатор контрольного номера
control field UA-OsUOA
005 - Дата та час останнього входження (трансакції)
control field 20210101172921.0
008 - Елементи даних фіксованої довжини – загальна інформація
fixed length control field 200715b un ||||| m||| 00| 0 ukr d
040 ## - Джерело каталогізації
Агенція оригінальної каталогізації UA-OsUOA
Мова каталогізації ukr
Агенція, яка здійснювала перезапис UA-OsUOA
Агенція, яка здійснювала модифікацію UA-OsUOA
041 ## - Код мови
Код мови тексту/ звукової доріжки чи окремого заголовка (П) ukr
080 ## - Індекс Універсальної десяткової класифікації
Індекс Універсальної десяткової класифікації (УДК) (НП) 904:7(1=477.82+438,41)„18/19”
090 ## - Локальний шифр розміщення
Класифікаційний індекс УДК 904:7(1=477.82+438,41)„18/19”
095 ## - Код спеціальності для авторефератів
Код спеціальності 07.00.01
Назва спеціальності історія України
100 ## - Основне введення – ім’я особи
Ім’я особи (НП) Коробчук І. М.
245 ## - Відомості про назву
Назва (НП) Культурна спадщина та історія Правобережної України у наукових студіях Ореста Левицького
Дані про відповідальність (НП) Коробчук Ірина Миколаївна ; наук. керівник Гаврилюк Світлана Віталіївна
260 ## - Публікація, розповсюдження і т.п. (Вихідні дані)
Місце публікації, розповсюдження і т.п. (П) Луцьк
Дата публікації, розповсюдження і т.п. (П) 2009
300 ## - Фізичний опис
Обсяг 20 с.
502 ## - Примітка про дисертацію
Зв'язок Автореферат дисертації на здобуття наукового ступеня кандидата історичних наук<br/>
Наймення інституції, що представляється Волинський національний університет імені Лесі Українки
Рік отримання вченого ступеня 2009
520 ## - Резюме і т.п.
Резюме, реферат, анотація, тощо (НП) У дисертації подано результати дослідження наукової діяльності Ореста Левицького (1848–1922) щодо вивчення та збереження культурної спадщини Київщини, Волині й Поділля, висвітлення на її підставі сторінок середньовічної історії цих регіонів. Аналізується робота вченого з пошуку писемних пам’яток у складі Київської археографічної комісії. На значному джерельному матеріалі, частина якого вперше введена до наукового обігу, простежується його роль у дослідженні археологічних, архітектурних й інших старожитностей Правобережної України як члена загальноросійських та регіональних науково громадських осередків. Охарактеризовано праці вченого, що містять опис пам’яток старовини й торкаються питання їх збереження. З’ясовано тематичну спрямованість наукових студій О. Левицького про середньовічну історію Правобережжя, підготовлених із залученням історичних реліквій регіону. Підкреслено значення пам’яткознавчої спадщини вченого для сучасної історичної науки та діяльності з вивчення й збереження пам’яток старовини.
650 ## - Додаткове предметне введення – тематичний термін
Джерело заголовка чи терміна UDC
Тематичний термін чи географічна назва, як елемент введення (НП) 904 Археологічні пам’ятки історичних часів
942 ## - Додаткові елементи входу (Коха)
Source of classification or shelving scheme Universal Decimal Classification
Тип елемента Koha Автореферат
955 ## - Код типу видання за змістом
Код типу видання за змістом (НП) Наукові видання

Немає доступних примірників.